The works of Josephus, with a life written by himself [microform] / (Record no. 7355)
[ view plain ]
| 000 -LEADER | |
|---|---|
| fixed length control field | 01141cam a22003137i 4500 |
| 001 - CONTROL NUMBER | |
| control field | 1467107 |
| 003 - CONTROL NUMBER IDENTIFIER | |
| control field | GBCCL |
| 005 - DATE AND TIME OF LATEST TRANSACTION | |
| control field | 20241126110626.0 |
| 007 - PHYSICAL DESCRIPTION FIXED FIELD--GENERAL INFORMATION | |
| fixed length control field | hdrafa---baca |
| 007 - PHYSICAL DESCRIPTION FIXED FIELD--GENERAL INFORMATION | |
| fixed length control field | hdrbfa---baaa |
| 008 - FIXED-LENGTH DATA ELEMENTS--GENERAL INFORMATION | |
| fixed length control field | 860414|1873 ||| 000 0 eng |
| 010 ## - | |
| -- | 86144824 |
| 040 ## - CATALOGING SOURCE | |
| Original cataloging agency | DLC |
| Transcribing agency | DLC |
| Modifying agency | DLC |
| 050 00 - | |
| -- | Microfilm 86/5875 (D) <MicRR> |
| 082 ## - DEWEY DECIMAL CLASSIFICATION NUMBER | |
| Classification number | 933 |
| Item number | JOS |
| 100 1# - MAIN ENTRY--PERSONAL NAME | |
| Personal name | Josephus, Flavius. |
| 9 (RLIN) | 13009 |
| 240 10 - | |
| -- | Works. |
| -- | English. |
| -- | 1873 |
| 245 14 - TITLE STATEMENT | |
| Title | The works of Josephus, with a life written by himself [microform] / |
| Statement of responsibility, etc. | translated from the original Greek, including explanatory notes and observations, by William Whiston. |
| 260 ## - PUBLICATION, DISTRIBUTION, ETC. | |
| Place of publication, distribution, etc. | New York : |
| Name of publisher, distributor, etc. | Mason, Baker & Pratt, |
| Date of publication, distribution, etc. | 1873. |
| 300 ## - PHYSICAL DESCRIPTION | |
| Extent | 4 v. in 2 ; 21 cm. |
| 500 ## - GENERAL NOTE | |
| General note | "A complete index." |
| 500 ## - GENERAL NOTE | |
| General note | Call number of original: DS116.J7 1873. |
| 500 ## - GENERAL NOTE | |
| General note | Master microform held by: DLC. |
| 533 ## - | |
| -- | Microfilm. Washington, D.C. : Library of Congress Photoduplication Service, 1986. 1 microfilm reel ; 35 mm. |
| 650 ## - SUBJECT ADDED ENTRY--TOPICAL TERM | |
| Topical term or geographic name entry element | Jews -- Antiquities |
| 9 (RLIN) | 13010 |
| 650 ## - SUBJECT ADDED ENTRY--TOPICAL TERM | |
| Topical term or geographic name entry element | Jews -- History |
| 9 (RLIN) | 13011 |
| 906 ## - LOCAL DATA ELEMENT F, LDF (RLIN) | |
| a | 7 |
| b | cbc |
| c | orignew |
| d | 5 |
| e | ncip |
| f | 19 |
| g | y-genmicro |
| 942 ## - ADDED ENTRY ELEMENTS (KOHA) | |
| Source of classification or shelving scheme | Dewey Decimal Classification |
| Koha item type | Books |
| Withdrawn status | Lost status | Source of classification or shelving scheme | Damaged status | Not for loan | Home library | Current Library | Shelving location | Date acquired | Total checkouts | Full call number | Barcode | Date last seen | Copy number | Price effective from | Koha item type |
|---|---|---|---|---|---|---|---|---|---|---|---|---|---|---|---|
| Dewey Decimal Classification | GRACE BIBLE COLLEGE | GRACE BIBLE COLLEGE | General Studies | 2018-08-01 | 933 JOS | 000133 | 2025-05-01 | v.4 | 2018-08-01 | Books | |||||
| Dewey Decimal Classification | GRACE BIBLE COLLEGE | GRACE BIBLE COLLEGE | General Studies | 2018-08-16 | 933 JOS | 002692 | 2025-05-01 | v.2 & 3 | 2018-08-16 | Books |